000 00569nam a2200193Ia 4500
008 151121s9999||||xx |||||||||||||| ||und||
082 _a030/
082 _bHNW-39495
100 _aöप्रकाशक
245 _aपदनाम कोश
260 _bभाषा संचालनालय महाराष्ट्र शासन।
260 _c--
300 _a166
600 _aöप्रकाशक
630 _aपदनाम कोश
700 _aöप्रकाशक
730 _aपदनाम कोश
942 _cBOOK
999 _c1229649
_d1229646